000 00682cam a22002173a 4500
001 44435
003 PGUSA
005 20140828084020.0
008 131215s2013||||xxu|||||s|||||000 | eng d
040 _aPGUSA
_beng
042 _adc
245 1 4 _aThe Centenary Garland :
_bBeing Pictorial Illustrations of the Novels of Sir Walter Scott
_h[electronic resource] /
_cAnonymous
260 _bProject Gutenberg,
_c2013
506 _aPublic domain in the USA.
516 _aElectronic text
700 1 _aCruikshank, George,
_d1792-1878
700 1 _aRogers, Charles,
_d1825-1890
830 0 _aProject Gutenberg
_v44435
856 4 0 _uhttp://www.gutenberg.org/ebooks/44435
942 _cEB
999 _c273686
_d273686